| 000 | 00410nam a22001097a 4500 | ||
|---|---|---|---|
| 082 |
_a344.0095491 _bPLC |
||
| 245 |
_aPakistan Labour Cases 2012 : _bA Journal of Civil Services & Labour Laws / _cFounded by Malik Mir Muhammad and Edited by H. B. Tanvir et all |
||
| 260 |
_aLahore : _bPLD Publishers, _c2012. |
||
| 300 |
_aVol: 1. 478, Vol: 2. 612 and Vol: 3. 935 p. ; _c23cm. |
||
| 563 | _aHB. | ||
| 942 |
_2ddc _cCR _s1 |
||
| 999 |
_c595216 _d595216 |
||